[Event "12th Monarch Assurance"]
[Site "Port Erin IOM"]
[Date "2003.09.03"]
[Round "7"]
[White "Maze,S"]
[Black "Ryan,Jo"]
[Result "1-0"]
[WhiteElo "2412"]
[BlackElo "2291"]

1.Nf3 d5 2.g3 Nf6 3.Bg2 e6 4.O-O Be7 5.d3 O-O 6.Nbd2 c5 7.e4 Nc6 8.Re1 b5
9.e5 Nd7 10.Nf1 a5 11.h4 b4 12.N1h2 a4 13.Bf4 a3 14.b3 Na7 15.Ng5 Nb5 16.Qh5 Bxg5
17.hxg5 Nd4 18.Rac1 Ba6 19.Ng4 Kh8 20.Kh2 c4 21.dxc4 dxc4 22.Red1 Ne2 23.Be4 g6
24.Qh6 Rg8 25.Rxd7  1-0

[Event "12th Monarch Assurance"]
[Site "Port Erin IOM"]
[Date "2003.09.04"]
[Round "8"]
[White "Psakhis,L"]
[Black "Sandipan,C"]
[Result "1-0"]
[WhiteElo "2550"]
[BlackElo "2469"]

1.Nf3 d5 2.g3 Nf6 3.Bg2 e6 4.d4 Be7 5.c4 O-O 6.Qc2 c5 7.O-O cxd4 8.Nxd4 Nc6
9.Nxc6 bxc6 10.b3 e5 11.Bb2 e4 12.cxd5 cxd5 13.Bd4 Be6 14.Nc3 Rc8 15.Qb2 Qa5
16.a3 Rfd8 17.e3 Ne8 18.Rfc1 Rd7 19.b4 Qd8 20.Na4 Rdc7 21.Bf1 Rxc1 22.Rxc1 Rxc1
23.Qxc1 Nd6 24.Qc6 Bd7 25.Qa6 Nf5 26.Bxa7 d4 27.exd4 Bxa4 28.Qxa4 Nxd4 29.b5 Nf3+
30.Kh1 Qa8 31.b6 h5 32.Qb5 Bd6 33.Qa6 Qd5 34.b7 Kh7 35.b8=Q Bxb8 36.Bxb8 Qd1
37.Qe2 Qb1 38.Bf4 Nd4 39.Qc4 Kg8 40.Be3 Nc2 41.Qe2 Ne1 42.h4 Nf3  1-0

[Event "ch-ROM w"]
[Site "Satu Mare ROM"]
[Date "2003.09.04"]
[Round "1.2"]
[White "Manicuta,M"]
[Black "Ionescu,I"]
[Result "1-0"]
[WhiteElo "2122"]
[BlackElo "2339"]

1.Nf3 d5 2.g3 c6 3.Bg2 Bg4 4.O-O Nd7 5.b3 e5 6.Bb2 Bd6 7.d3 Ngf6 8.Nbd2 O-O
9.h3 Bh5 10.Nh4 Re8 11.c4 Bc5 12.cxd5 cxd5 13.Nf5 Bg6 14.Nh4 Bh5 15.Nf5 Qb6
16.g4 Bg6 17.Ng3 h5 18.gxh5 Bxh5 19.Nxh5 Nxh5 20.e3 Ndf6 21.Nf3 e4 22.Nd4 Nf4
23.dxe4 Nxg2 24.Kxg2 dxe4 25.Rg1 Rad8 26.Kh1 Rd5 27.Qf1 Nh5 28.Qg2 Qh6 29.Rad1 Nf6
30.Ne2 Rg5 31.Ng3 Bf8 32.Qh2 Ra5 33.a4 Qh4 34.Ne2 Rh5 35.Nf4 Rh7 36.Rg3 Nh5
37.Nxh5 Qxh5 38.Rdg1 Qf5 39.Qg2 g6 40.Rg4 Qe6 41.Bd4 a6 42.f4 Bg7 43.Qf1 Rh5
44.Bxg7 Kxg7 45.Qa1+ Qf6 46.Kg2 Rd5 47.Qc1 Red8 48.Kh2 Rd3 49.R1g2 Rc3 50.Qe1 Rdd3
51.R4g3 Rxb3 52.Qf2 Rd5 53.Qc2 Rbd3 54.Qc7 Rd7 55.Qc4 Qc6 56.Qb4 Qd6 57.Qb2+ Qf6
58.Qb4 Qd6 59.Qb2+ Kf8 60.Qh8+ Ke7 61.Qh4+ Qf6 62.Qg4 Rd2 63.h4 b5 64.axb5 axb5
65.h5 gxh5 66.Qxh5 R7d5 67.Qh7 Qf5 68.Qh4+ Kd7 69.Rg5 Rxg2+ 70.Kxg2 Qe6 71.Rg8 Kc6
72.Qe1 Rc5 73.Qa5 Rc2+ 74.Kg3 Qa2 75.Rc8+ Kd7 76.Qd8+ Ke6 77.Qe8+ Kd6 78.Rd8+ Kc5
79.Qe7+ Kc4 80.Qxe4+ Kb3 81.Rd3+ Kb2 82.Qd4+ Kb1 83.Rd1+ Rc1 84.Qd3+ Qc2
85.Qxb5+ Ka1 86.Qa5+ Kb1 87.Qb4+ Ka2 88.Rd2  1-0

[Event "56th ch-RUS"]
[Site "Krasnoyarsk RUS"]
[Date "2003.09.05"]
[Round "3"]
[White "Obukhov,A"]
[Black "Yevseev,D"]
[Result "1/2-1/2"]
[WhiteElo "2487"]
[BlackElo "2589"]

1.Nf3 d5 2.g3 g6 3.Bg2 Bg7 4.c4 dxc4 5.Qa4+ Nc6 6.O-O e5 7.Qxc4 Nge7 8.Nc3 O-O
9.d3 h6 10.Bd2 Nf5 11.Na4 Ncd4 12.Nxd4 Nxd4 13.Rfe1 c6 14.e3 b5 15.Qc1 bxa4
16.exd4 Qxd4 17.Re4 Qxd3 18.Bxh6 Bf5 19.Bxg7 Kxg7 20.Rxe5 Rab8 21.Ra5 Qd4
22.Qc3 Rfd8 23.Rxa4 Qxc3 24.bxc3 Rb2 25.h4 Rdd2 26.Rf4 c5 27.a4 a5 28.Re1 Be6
29.Re5 c4 30.Rxa5 Rbc2 31.Rc5 Rxc3 32.a5 Ra3 33.Bf1 c3 34.Bc4 Bxc4 35.Rfxc4 Raa2
36.Rxc3 Rxf2 37.a6 Rg2+ 38.Kf1  1/2-1/2

[Event "56th ch-RUS"]
[Site "Krasnoyarsk RUS"]
[Date "2003.09.05"]
[Round "3"]
[White "Fominyh,A"]
[Black "Landa,K"]
[Result "1/2-1/2"]
[WhiteElo "2520"]
[BlackElo "2614"]

1.Nf3 d5 2.g3 Nf6 3.Bg2 c6 4.O-O Bf5 5.d3 e6 6.Qe1 h6 7.Nbd2 Be7 8.e4 Bh7
9.Qe2 O-O 10.Re1 a5  1/2-1/2

[Event "FSIM September"]
[Site "Budapest HUN"]
[Date "2003.09.06"]
[Round "1"]
[White "Cisneros,L"]
[Black "Steiner,B"]
[Result "1/2-1/2"]
[WhiteElo "2250"]
[BlackElo "2245"]

1.Nf3 d5 2.g3 Nf6 3.Bg2 Bf5 4.O-O c6 5.d3 e6 6.Nbd2 Nbd7 7.Re1 Bg4 8.e4 dxe4
9.dxe4 e5 10.Nc4 Qc7 11.Ne3 Bc5 12.Nxg4 Nxg4 13.Re2 Ndf6 14.Ne1 Qb6 15.Nd3 Rd8
16.Bd2 Nxf2 17.Rxf2 Rxd3 18.cxd3 Bxf2+ 19.Kh1 O-O 20.Bg5 Nd7 21.Bh3 Nc5 22.Be7 Re8
23.Bxc5 Bxc5 24.b3 Bd4 25.Rc1 c5 26.Qc2 Qa5 27.Rf1 b5 28.Bd7 Re7 29.Bc6 g6
30.Bd5 Kg7 31.Kg2 a6 32.Qe2 Qd8 33.Rf3 Rd7 34.Qf1 f6 35.h4 h5 36.Kh2 Rxd5
37.exd5 f5 38.Qc1 Qxd5 39.Rf1 Qd8 40.a4 f4 41.axb5 axb5 42.Qe1 Be3 43.Qc3 Qf6
44.Kg2 Qe6 45.Rf3 Kh7 46.b4 c4 47.dxc4 bxc4 48.Rxe3 fxe3 49.Qxe3 Qd5+ 50.Kh2 e4
51.Qa7+ Kh8 52.Qb8+ Kg7 53.b5 e3 54.Qe8 Qd2+ 55.Kh3 Qd6 56.b6 Qd5 57.Qe7+ Kg8
58.Qe8+ Kg7 59.Qe7+ Qf7 60.Qxe3 Qf5+ 61.Kh2 Qc2+ 62.Kh3 Qb1 63.Qe5+ Kh7 64.Qc7+ Kh6
65.Kg2 Qe4+ 66.Kf2 Qd4+ 67.Ke1 Qe3+ 68.Kd1 Qd3+ 69.Ke1 Qb1+ 70.Ke2 Qd3+ 71.Kf2 Qd2+
72.Kf3 Qd3+ 73.Kf4 c3 74.b7 Qd4+ 75.Kf3 Qd3+ 76.Kf4 Qd4+ 77.Kf3  1/2-1/2

[Event "1st League TCh-SCG w"]
[Site "Budva SCG"]
[Date "2003.09.06"]
[Round "8"]
[White "Miloradovic,J"]
[Black "Kononenko,T"]
[Result "0-1"]
[WhiteElo "2149"]
[BlackElo "2349"]

1.Nf3 d5 2.g3 Bg4 3.Bg2 Nd7 4.h3 Bh5 5.g4 Bg6 6.Nh4 e6 7.Nxg6 hxg6 8.c4 c6
9.d3 Bd6 10.Nc3 Ngf6 11.e4 dxe4 12.dxe4 Qc7 13.Be3 Rd8 14.Qe2 Bf4 15.O-O-O g5
16.Rd2 Ne5 17.b3 O-O 18.Rhd1 Qe7 19.Kc2 b6 20.Rxd8 Rxd8 21.Rxd8+ Qxd8 22.Qd2 Qxd2+
23.Bxd2 Kf8 24.Ne2 Bxd2 25.Kxd2 Ke7 26.Kc3 Kd6 27.Kd4 Ng6 28.Nc1 c5+ 29.Ke3 Nf4
30.Bf1 Ke5 31.f3 Nd7 32.a3 Nb8 33.Nd3+ Nxd3 34.Bxd3 Nc6 35.Bb1 f6 36.Bd3 a5
37.Be2 Ne7 38.h4 gxh4 39.f4+ Kd6 40.Bf3 Nc6 41.e5+ fxe5 42.Bxc6 exf4+ 43.Kxf4 Kxc6  0-1

[Event "56th ch-RUS"]
[Site "Krasnoyarsk RUS"]
[Date "2003.09.06"]
[Round "4"]
[White "Obukhov,A"]
[Black "Rychagov,A"]
[Result "1-0"]
[WhiteElo "2487"]
[BlackElo "2554"]

1.Nf3 d5 2.g3 Bg4 3.Bg2 Nd7 4.c4 e6 5.cxd5 exd5 6.O-O Ngf6 7.d3 Be7 8.h3 Bxf3
9.Bxf3 O-O 10.e4 dxe4 11.dxe4 Ne5 12.Nc3 c6 13.Be2 Bc5 14.Qc2 Qe7 15.Kg2 Rfe8
16.f4 Ned7 17.Bf3 Nb6 18.b3 a5 19.a4 Nfd7 20.Bb2 Nf8 21.Rfd1 Ne6 22.Ne2 Rad8
23.h4 Bb4 24.Nd4 Nxd4 25.Rxd4 Nd7 26.e5 f6 27.Rad1 fxe5 28.fxe5 Nf8 29.Qc4+ Kh8
30.h5 Rxd4 31.Qxd4 Ne6 32.Qg4 h6 33.Be4 Qg5 34.Qxg5 hxg5 35.Bf5 Kg8 36.Rd7 Nc5
37.Rc7 Rd8 38.e6  1-0

[Event "56th ch-RUS"]
[Site "Krasnoyarsk RUS"]
[Date "2003.09.06"]
[Round "4"]
[White "Zablotsky,S"]
[Black "Sambuev,B"]
[Result "1/2-1/2"]
[WhiteElo "2410"]
[BlackElo "2496"]

1.Nf3 d5 2.g3 c5 3.Bg2 Nc6 4.d4 Nf6 5.O-O e6 6.c4 Be7 7.dxc5 Bxc5 8.cxd5 Qxd5
9.Nc3 Qxd1 10.Rxd1 e5 11.Bg5 O-O 12.Bxf6 gxf6 13.Nh4 Be6 14.Rac1 Bd4 15.Ne4 Bxa2
16.Nxf6+ Kg7 17.Nd7 Rfe8 18.Nf5+ Kh8 19.Nc5 Bxb2 20.Rc2 Ba3 21.Ra1 Bxc5 22.Rxc5 Be6
23.Nd6 Re7 24.Nxb7 Nd4 25.Rxe5 Rc8 26.h4 Rc2 27.Rxa7 Nxe2+ 28.Kh2 h6 29.Ra8+ Kg7
30.Nd6 Kf6 31.Re3 Rd7 32.Rf3+ Ke5 33.Ne4 f5 34.Nc5 Rxc5 35.Re3+ Kf6 36.Rxe2 Bf7
37.Ra6+ Kg7 38.Bh3 Rb7 39.Ra4 Kf6 40.Ra6+ Kg7 41.Ra4 Kf6 42.Rd2 Rb6 43.Rad4 Be6
44.Bg2 Rcb5 45.Bd5 Bxd5 46.Rxd5 Rxd5 47.Rxd5 Kg6 48.Rd4 Ra6 49.Kg2 Rb6 50.Kf3 Ra6
51.Kf4 Kf6 52.Rb4 Rc6 53.Ke3 Re6+ 54.Kf4 Ra6 55.Rb8 Ra4+ 56.Kf3 Ra3+ 57.Kg2 Ra6
58.Kh3 Rc6 59.Rf8+ Kg6 60.h5+ Kxh5 61.Rxf5+ Kg6 62.g4 Rc3+ 63.Kg2 Ra3 64.Rb5 Rc3
65.f3 Ra3 66.Kg3 Rc3 67.Re5 Ra3 68.Kf4 Ra6 69.Rd5 Re6 70.Rd4 Ra6 71.Ke5 Kg5
72.Ke4 Re6+ 73.Kd3 Ra6 74.Ke3 Ra5 75.Kf2 Ra3 76.Rd5+ Kg6 77.Re5 Rb3 78.f4 Kf6
79.Rf5+ Kg6 80.Rd5 Rb2+ 81.Ke3 Rb6 82.Kd4 Kf6 83.Rf5+ Kg6 84.Rd5 Kf6 85.Kc5 Rb1
86.Rd6+ Kg7 87.f5 Rc1+ 88.Kb6 Rg1 89.Rg6+ Kf7 90.Kc6 h5 91.g5 h4 92.Rf6+  1/2-1/2

[Event "Polish Extraleague"]
[Site "Lubniewice POL"]
[Date "2003.09.06"]
[Round "8"]
[White "Markowski,T"]
[Black "Matlak,M"]
[Result "1-0"]
[WhiteElo "2610"]
[BlackElo "2501"]

1.g3 d5 2.Nf3 Nf6 3.Bg2 e6 4.O-O Be7 5.d4 b5 6.b3 b4 7.a3 c5 8.dxc5 Bxc5
9.axb4 Bxb4 10.Bb2 O-O 11.Ne5 Bb7 12.c4 Qe7 13.Nd3 Bd6 14.Na3 dxc4 15.Bxf6 gxf6
16.Nxc4 Bxg2 17.Kxg2 Qb7+ 18.Kg1 Be7 19.Na5 Qb5 20.Qc2 a6 21.Rfc1 Ra7 22.Qc4 Rd8
23.Qg4+ Kh8 24.Ra4 Rad7 25.Qf4 Qh5 26.Qe4 Bf8 27.Kg2 Qd5 28.Qxd5 Rxd5 29.Rc7 R5d7
30.Rac4 Bd6 31.Rxd7 Rxd7 32.Rc8+ Kg7 33.Nc4 Bc7 34.Nc5 Re7 35.e4 h6 36.f4 Kg6
37.Kf3 f5 38.e5 f6 39.Nxe6 Rxe6 40.Rxc7 Nc6 41.Kf2 h5 42.h4 Nd4 43.Rb7 Rc6
44.Ke3 Ne6 45.exf6 Kxf6 46.Ne5 Rc3+ 47.Kd2 Rc7 48.Rxc7 Nxc7 49.Kd3 Nb5 50.Nd7+ Ke7
51.Nc5 Nc7 52.Kc4 Kd6 53.b4 Kc6 54.Nxa6  1-0

[Event "VII Pablo Gorbea"]
[Site "Madrid ESP"]
[Date "2003.09.06"]
[Round "6"]
[White "Roa Alonso,S"]
[Black "Gustafsson,J"]
[Result "0-1"]
[WhiteElo "2381"]
[BlackElo "2570"]

1.Nf3 d5 2.g3 g6 3.Bg2 Bg7 4.O-O Nf6 5.c4 O-O 6.cxd5 Nxd5 7.Nc3 Nc6 8.Nxd5 Qxd5
9.d3 Qh5 10.Qb3 a5 11.a4 Nb4 12.Bg5 Be6 13.Qd1 Rfe8 14.Qd2 c5 15.Rac1 b6
16.h3 Bxh3 17.Rc4 Bg4 18.Nh2 Bd4 19.Bxa8 Rxa8 20.Nxg4 Qxg4 21.Be3 Nc6 22.Kg2 Rd8
23.Rh1 h5 24.Bxd4 Nxd4 25.Qe3 Qd7 26.Qe4 Rc8 27.Rhc1 Rd8 28.R1c3 Nf5 29.Qf3 Kg7
30.Rc1 Nd6 31.Rh4 Nf5 32.Rhc4 e5 33.b4 axb4 34.a5 Nd4 35.Qe4 Nb3 36.axb6 Nxc1
37.Qxe5+ f6 38.Qxc5 Nxe2 39.Qe3 Qd5+ 40.Kh2 Nd4 41.Rc7+ Rd7 42.Qe8 Nf3+ 43.Kh3 Ne5
44.Kh2 Rxc7 45.bxc7 Qc5 46.d4 Ng4+  0-1

[Event "1st League TCh-SCG"]
[Site "Budva SCG"]
[Date "2003.09.07"]
[Round "9"]
[White "Antic,D"]
[Black "Kosic,D"]
[Result "1/2-1/2"]
[WhiteElo "2466"]
[BlackElo "2512"]

1.Nf3 d5 2.g3 Bg4 3.Bg2 Nd7 4.O-O c6 5.d3 e6 6.b3 Ngf6 7.Bb2 Bd6 8.Nbd2 O-O
9.c4 Qe7 10.a3 a5  1/2-1/2

[Event "Polish Extraleague"]
[Site "Lubniewice POL"]
[Date "2003.09.07"]
[Round "9"]
[White "Urban,K"]
[Black "Koziak,V"]
[Result "1-0"]
[WhiteElo "2455"]
[BlackElo "2455"]

1.Nf3 d5 2.g3 Nf6 3.Bg2 g6 4.c4 c6 5.b3 Bg7 6.Bb2 O-O 7.O-O a5 8.d3 a4 9.Nbd2 axb3
10.axb3 Rxa1 11.Qxa1 Na6 12.Qa3 Bg4 13.b4 dxc4 14.Nxc4 Nc7 15.Qa7 Qb8 16.Qc5 Re8
17.Ra1 Nd7 18.Qe3 Bxb2 19.Nxb2 Bxf3 20.Bxf3 Nb5 21.Nc4 e5 22.Bg2 Kg7 23.Qc1 h5
24.h3 f5 25.Qb2 h4 26.gxh4 Qd8 27.Na3 Nd6 28.b5 c5 29.Nc4 Nxc4 30.dxc4 Nb6
31.Bxb7 Qxh4 32.Bg2 Nxc4 33.Ra7+ Re7 34.Qa2 Nd6 35.b6 e4 36.Qe6 Nb7 37.Qd5 e3
38.fxe3 Qg5 39.Qf3 Nd6 40.Qf4 Qf6 41.b7 Nxb7 42.Rxb7 Rxb7 43.Bxb7 Qe7 44.Bd5 Kf6
45.h4 Kg7 46.Kf2 Qf6 47.Bb3 Kh7 48.Bc4 Kg7 49.Kg3 Qc3 50.Qc7+ Kh6 51.Qxc5 Qe1+
52.Kg2 Kh5 53.Qe7 Qxh4 54.Qxh4+ Kxh4 55.Kf3 Kg5  1-0

[Event "TCh-CRO"]
[Site "Rabac CRO"]
[Date "2003.09.07"]
[Round "1"]
[White "Dizdarevic,E"]
[Black "Teofilovic,V"]
[Result "1-0"]
[WhiteElo "2486"]
[BlackElo "2256"]

1.Nf3 d5 2.g3 Nf6 3.Bg2 e6 4.O-O Be7 5.c4 O-O 6.b3 c5 7.Bb2 Nc6 8.e3 d4 9.exd4 cxd4
10.Re1 Ne8 11.Ba3 f6 12.Bxe7 Qxe7 13.a3 a5 14.d3 e5 15.Nbd2 Nc7 16.Re2 Bd7
17.Ne1 Bg4 18.f3 Bh5 19.g4 Bf7 20.f4 Ne6 21.Bxc6 bxc6 22.Ng2 exf4 23.Nxf4 Qd7
24.Qf1 Rae8 25.Rae1 Ng5 26.h3 Qd6 27.Kg2 Rxe2+ 28.Rxe2 Re8 29.Qf2 c5 30.Kf1 Rxe2
31.Kxe2 Ne6 32.Nxe6 Bxe6 33.Ne4 Qb6 34.Qf4 h5 35.gxh5 Bxh3 36.h6 f5 37.h7+ Kh8
38.Ng5 Bg4+ 39.Kf2 Qb7 40.Qd6 Qc8 41.Qg6  1-0

[Event "14th ch-NATO"]
[Site "Hoevelte DEN"]
[Date "2003.09.08"]
[Round "1"]
[White "Benedetti,F"]
[Black "Engelen,J"]
[Result "1/2-1/2"]
[WhiteElo "2208"]
[BlackElo "1976"]

1.Nf3 d5 2.g3 Nf6 3.Bg2 g6 4.O-O Bg7 5.d3 O-O 6.Nbd2 Nc6 7.c4 e6 8.Rb1 a5
9.b3 b6 10.Bb2 Bb7 11.a3 Nd7 12.Bxg7 Kxg7 13.Qc2 Rc8 14.b4 axb4 15.axb4 Qf6
16.b5 Na5 17.Rfc1 c5 18.bxc6 Bxc6 19.cxd5 exd5 20.Qb2 Rb8 21.Nd4 Bb7 22.Rc7 Rfd8
23.Bh3 Bc8 24.N2f3 Kg8 25.Qb5 Qd6 26.Ra7 Nc5 27.Bxc8 Rdxc8  1/2-1/2

[Event "VII Pablo Gorbea"]
[Site "Madrid ESP"]
[Date "2003.09.08"]
[Round "8"]
[White "Roa Alonso,S"]
[Black "Lalic,B"]
[Result "1/2-1/2"]
[WhiteElo "2381"]
[BlackElo "2503"]

1.Nf3 d5 2.g3 Nc6 3.Bg2 e5 4.d3 Nf6 5.O-O Be7 6.c3 O-O 7.Qc2 Bf5 8.Nh4 Be6
9.e4 Re8 10.Re1 h6  1/2-1/2

[Event "TCh-CRO"]
[Site "Rabac CRO"]
[Date "2003.09.09"]
[Round "3"]
[White "Boric,M"]
[Black "Teofilovic,V"]
[Result "0-1"]
[WhiteElo "2410"]
[BlackElo "2256"]

1.Nf3 d5 2.g3 Nf6 3.Bg2 e6 4.O-O Be7 5.d3 O-O 6.Nbd2 c5 7.e4 Nc6 8.Re1 b5
9.e5 Nd7 10.Nf1 a5 11.h4 Ba6 12.Bf4 Rc8 13.N1h2 Re8 14.Ng4 b4 15.Bh3 Nd4
16.Ng5 Bf8 17.c3 Nf5 18.Nh2 h6 19.Ngf3 a4 20.cxb4 cxb4 21.d4 Nb6 22.h5 Qd7
23.g4 Ne7 24.g5 hxg5 25.Nxg5 Nf5 26.Kh1 Nc4 27.Bc1 a3 28.bxa3 Nxa3 29.Rg1 Nc2
30.h6 g6 31.Ng4 Be7 32.Nf3 Nxa1 33.Bg5 Rc2 34.Nf6+ Bxf6 35.Bxf6 Be2 36.Bxf5 Bxf3+
37.Qxf3 Kh7 38.Rxg6 fxg6 39.Bxg6+  0-1

[Event "TCh-CRO"]
[Site "Rabac CRO"]
[Date "2003.09.09"]
[Round "3"]
[White "Kozul,Z"]
[Black "Rogic,D"]
[Result "1-0"]
[WhiteElo "2596"]
[BlackElo "2461"]

1.Nf3 d5 2.g3 c6 3.Bg2 Bg4 4.O-O Nd7 5.d3 Ngf6 6.Nbd2 e5 7.e4 Bd6 8.h3 Bh5
9.Qe1 O-O 10.Nh4 Re8 11.Nf5 Bf8 12.a4 a5 13.Nb3 Qc7 14.Bd2 b6 15.Bg5 Bg6
16.Nh4 dxe4 17.Nxg6 hxg6 18.dxe4 Be7 19.Qe2 Nf8 20.Rfd1 Ne6 21.Bd2 Red8 22.h4 Nd7
23.Bh3 Ndc5 24.Nxc5 Nd4 25.Qd3 Bxc5 26.Kg2 Qe7 27.Bg5 f6 28.Be3 Kh7 29.Bxd4 Rxd4
30.Qe2 Rad8 31.Rxd4 Rxd4 32.h5 g5 33.Bf5+ Kh6 34.c3 Rd8 35.Rb1 Qf7 36.b4 axb4
37.cxb4 Bd4 38.Rc1 c5 39.bxc5 Bxc5 40.a5 Qb3 41.a6 Rd4 42.Ra1 Ra4 43.Be6 Qb4
44.Rd1 Bd4 45.Qf3 Qe7 46.Qf5  1-0

[Event "TCh-CRO"]
[Site "Rabac CRO"]
[Date "2003.09.10"]
[Round "4"]
[White "Dizdarevic,E"]
[Black "Jelecevic,I"]
[Result "1-0"]
[WhiteElo "2486"]
[BlackElo "2064"]

1.Nf3 d5 2.g3 Nf6 3.Bg2 c6 4.O-O g6 5.b3 Bg7 6.Bb2 O-O 7.c4 Nbd7 8.Qc2 Re8
9.Nc3 e5 10.cxd5 Nxd5 11.Ne4 Qc7 12.d3 N7f6 13.Ned2 Bg4 14.a3 Rad8 15.Rac1 a6
16.Rfe1 h6 17.b4 Re7 18.Nc4 Bxf3 19.Bxf3 Nh7 20.Bg2 Qd7 21.Nd2 Ng5 22.Nb3 Nh3+
23.Kf1 h5 24.Nc5 Qc8 25.e3 Ng5 26.Qb3 Nf6 27.h4 Ngh7 28.a4 Qf5 29.Ke2 Bh6
30.Ne4 Ng4 31.Bh3 Nhf6 32.f3 Nd5 33.Rf1 Qe6 34.Nc5 Qc8 35.fxg4 hxg4 36.Bg2 Nxe3
37.Be4 Nxf1 38.Rxf1 b6 39.Rxf7 Rxf7 40.Bxg6 Rf8 41.Ne4 Qc7 42.Qe6 Bg7 43.Ng5 Qe7
44.Bxf7+ Rxf7 45.Qxg4 Rf6 46.Qc4+ Kh8 47.Qe4 Rh6 48.Bc3 Kg8 49.Qc4+ Kf8 50.Qxa6 Qd7
51.Qxb6 Bf6 52.Ne4 Qd5 53.Bd2  1-0

[Event "FSGM September"]
[Site "Budapest HUN"]
[Date "2003.09.11"]
[Round "6"]
[White "Csom,I"]
[Black "Bui Vinh"]
[Result "1/2-1/2"]
[WhiteElo "2455"]
[BlackElo "2469"]

1.Nf3 d5 2.g3 Nf6 3.Bg2 c6 4.b3 Bf5 5.Bb2 e6 6.d3 Be7 7.Nbd2 O-O 8.O-O a5
9.a3 Na6 10.c4 h6 11.Rc1 Bh7 12.Rc2 dxc4 13.Nxc4 Nc5 14.Rc1 Nd5 15.Nfd2 Nd7
16.Nf3 N5b6 17.Qc2 Nxc4 18.Qxc4 Bf6 19.Bxf6 Qxf6 20.Qc3 Qe7 21.Qb2  1/2-1/2

[Event "14th ch-NATO"]
[Site "Hoevelte DEN"]
[Date "2003.09.11"]
[Round "6"]
[White "Schott,G"]
[Black "Hole,O"]
[Result "0-1"]
[WhiteElo "2191"]
[BlackElo "2289"]

1.Nf3 d5 2.g3 Nf6 3.Bg2 c6 4.d3 Bf5 5.Nbd2 e6 6.O-O h6 7.c3 Nbd7 8.Nd4 Bh7
9.e4 Be7 10.f4 dxe4 11.Nxe4 O-O 12.Qe2 Re8 13.Kh1 e5 14.Nf3 exf4 15.Bxf4 Nxe4
16.dxe4 Bf6 17.e5 Qe7 18.Qc4 Bg5 19.Rae1 Bxf4 20.gxf4 Nc5 21.b4 Nd3 22.Re3 b5
23.Qxc6 Nxf4 24.Nd4 Rac8 25.Rxf4 Rxc6 26.Bxc6 Rc8 27.Bd5 Bg6 28.e6 Kh7 29.Nf5 Qg5
30.Ref3 fxe6 31.Bxe6 Rxc3 32.Rxc3 Qxf4 33.Ng3 Qe5  0-1

[Event "FSIM September"]
[Site "Budapest HUN"]
[Date "2003.09.13"]
[Round "8"]
[White "Cisneros,L"]
[Black "Gonda,L"]
[Result "0-1"]
[WhiteElo "2250"]
[BlackElo "2449"]

1.Nf3 d5 2.g3 Nf6 3.Bg2 c6 4.O-O Bg4 5.d3 Nbd7 6.Nbd2 e6 7.e4 Be7 8.Qe2 O-O
9.e5 Ne8 10.h3 Bh5 11.Re1 Nc7 12.g4 Bg6 13.Nh2 f6 14.f4 fxe5 15.fxe5 b5 16.Nhf3 b4
17.Nf1 Nb5 18.Be3 c5 19.Bf2 Nb8 20.h4 h5 21.Bh3 hxg4 22.Bxg4 Bf5 23.Bxf5 Rxf5
24.Ng3 Rf7 25.Kg2 Nc6 26.Rh1 Nbd4 27.Bxd4 cxd4 28.Ng5 Bxg5 29.hxg5 Qxg5 30.Rh5 Qe3
31.Rah1 Rff8 32.R1h4 Kf7 33.Qg4 Ke7 34.Rg5 Nxe5 35.Rxg7+ Kd6 36.Qxd4 Rf2+
37.Kh3 Rh2+ 38.Kxh2 Nf3+ 39.Kh3 Nxd4 40.Rg6 Nf5  0-1

[Event "ProMoPro Open"]
[Site "Prague CZE"]
[Date "2003.09.14"]
[Round "9"]
[White "Soural,J"]
[Black "Masek,M"]
[Result "0-1"]
[WhiteElo "2143"]
[BlackElo "2178"]

1.Nf3 d5 2.g3 c6 3.Bg2 Nf6 4.O-O Bg4 5.Ne5 Bh5 6.c4 e6 7.d4 Nfd7 8.Qb3 Qb6
9.Nf3 Be7 10.Nc3 O-O 11.Bf4 Qa6 12.cxd5 exd5 13.e4 dxe4 14.Nxe4 Qb6 15.Qe3 Nf6
16.Nxf6+ Bxf6 17.Ne5 Rd8 18.Rfe1 Na6 19.Nd7 Qxd4 20.Nxf6+ gxf6 21.Qxd4 Rxd4
22.Re7 Kg7 23.Rxb7 Rad8 24.h4 Nc5 25.Rxa7 Nd3 26.Be3 Rc4 27.b3 Rc2 28.Be4 Rc3
29.Bd2 Nxf2 30.Bxc3 Nxe4 31.Ba5 Rd3 32.Bc7 Nd2 33.Bf4 Bf3 34.Re7 Ne4 35.Re1 f5
36.Rc7 c5 37.Be3 Kg6 38.Bxc5 Rd2 39.a4 Rg2+ 40.Kh1 Nxg3+  0-1

[Event "TCh-CRO"]
[Site "Rabac CRO"]
[Date "2003.09.14"]
[Round "8"]
[White "Dizdarevic,E"]
[Black "Boric,M"]
[Result "1/2-1/2"]
[WhiteElo "2486"]
[BlackElo "2410"]

1.Nf3 d5 2.g3 Nf6 3.Bg2 g6 4.d4 Bg7 5.O-O O-O 6.Ne5 c6 7.c4 dxc4 8.Na3 Ng4
9.Naxc4 Nxe5 10.Nxe5 Nd7 11.Nf3 Nb6 12.e3 Bf5 13.Qe2 Be4 14.Rd1 Qd5 15.Bd2 a5
16.Bc3 Rfd8 17.Ne1 Bxg2 18.Nxg2 Qc4 19.Qxc4 Nxc4 20.a4 e5 21.dxe5  1/2-1/2

[Event "EYb16"]
[Site "Budva YUG"]
[Date "2003.09.15"]
[Round "3"]
[White "Lenic,L"]
[Black "Magalashvili,D"]
[Result "0-1"]
[WhiteElo "2386"]
[BlackElo "2250"]

1.Nf3 d5 2.g3 c6 3.Bg2 Bg4 4.O-O Nd7 5.d3 e6 6.Nbd2 Bd6 7.e4 Ngf6 8.h3 Bxf3
9.Qxf3 O-O 10.Qe2 a5 11.a4 e5 12.Nf3 Re8 13.Nh4 g6 14.Nf3 Qc7 15.Nh2 Bf8
16.Ng4 Nxg4 17.hxg4 dxe4 18.dxe4 Nc5 19.Be3 Rad8 20.Qc4 Ne6 21.c3 Rd7 22.g5 Rdd8
23.Bh3 b6 24.Bxe6 Rxe6 25.Rfd1 Red6 26.Rxd6 Rxd6 27.b4 Qd8 28.bxa5 bxa5 29.Rb1 Rd1+
30.Rxd1 Qxd1+ 31.Kg2 c5 32.Qb5 Qc2 33.Qxa5 Qxe4+ 34.Kh2 Kg7 35.Qb5 Qc2 36.a5 e4
37.a6 Qd1 38.Bf4 Qh5+ 39.Kg2 Qf3+ 40.Kg1 Qd1+ 41.Qf1 Qa4 42.Be5+ Kg8 43.Bb8 c4
44.a7 e3 45.fxe3 Bc5 46.Qf6 Bxe3+ 47.Kg2 Qc2+ 48.Kf3 Qd3 49.a8=Q Bd4+ 50.Kg4 h5+
51.gxh6 Bxf6 52.Qf3 Qd7+ 53.Kf4 Qf5+ 54.Ke3 Qxf3+ 55.Kxf3 Bxc3 56.Ke4 Bd2
57.Kd4 c3 58.Kd3 Kh7  0-1

[Event "Osen I"]
[Site "Alushta UKR"]
[Date "2003.09.16"]
[Round "3"]
[White "Nalbandian,T"]
[Black "Tishin,D"]
[Result "1-0"]
[WhiteElo "2478"]
[BlackElo "2310"]

1.Nf3 d5 2.g3 Nf6 3.Bg2 Bf5 4.O-O e6 5.d3 Be7 6.Nbd2 O-O 7.Qe1 c5 8.e4 dxe4
9.dxe4 Bg6 10.Ne5 Nfd7 11.Nxg6 hxg6 12.e5 Qc7 13.f4 Nc6 14.c3 Rfd8 15.Qe2 Rab8
16.Ne4 Na5 17.h4 Nf8 18.Be3 b6 19.Rae1 c4 20.h5 Rd3 21.hxg6 Nxg6 22.Qh5 Rbd8
23.f5 exf5 24.Qxf5 Rf8 25.e6 Nh8 26.Bf4 Qd8 27.Ng5 Bxg5 28.Bxg5 Qc7 29.Bf4 Qc8
30.Be4  1-0

[Event "CXIII ch-ARM"]
[Site "Yerevan ARM"]
[Date "2003.09.16"]
[Round "1"]
[White "Anastasian,A"]
[Black "Mkrtchian,L"]
[Result "1-0"]
[WhiteElo "2593"]
[BlackElo "2413"]

1.Nf3 d5 2.g3 Nf6 3.Bg2 e6 4.O-O Be7 5.d3 O-O 6.Nbd2 c5 7.e4 Nc6 8.Re1 b5
9.e5 Nd7 10.Nf1 a5 11.h4 b4 12.Bg5 a4 13.N1h2 a3 14.b3 Ba6 15.Ng4 Rc8 16.Qd2 Na7
17.h5 Nb5 18.h6 g6 19.Bxe7 Qxe7 20.Ng5 Nc3 21.f4 Rfd8 22.Qf2 Rc7 23.Kh2 Bb7
24.Kh3 Nb5 25.Nf3 Qf8 26.Kh2 Rdc8 27.Re2 Ba6 28.Qe3 Nd4 29.Nxd4 cxd4 30.Qf2 Rc3
31.Rd1 Qc5 32.Rdd2 Kh8 33.Kg1 Nb8 34.Nf6 Nc6 35.g4 Qe7 36.Qh4 Na7 37.f5 Bb7
38.Rf2 R3c7 39.fxg6 fxg6 40.Rf4 Nc6 41.Rdf2 Rd8 42.Qg5 Rb8 43.Bxd5 Rcc8 44.Bxc6 Bxc6
45.Ne8  1-0

[Event "FSGM September"]
[Site "Budapest HUN"]
[Date "2003.09.17"]
[Round "12"]
[White "Csom,I"]
[Black "Pert,N"]
[Result "0-1"]
[WhiteElo "2455"]
[BlackElo "2483"]

1.Nf3 d5 2.g3 c6 3.Bg2 Bg4 4.d4 Nd7 5.Nbd2 Ngf6 6.c3 e6 7.Qb3 Qb6 8.O-O Be7
9.Re1 Bf5 10.Nh4 Qxb3 11.Nxb3 Be4 12.Nf3 a5 13.Bf4 h6 14.Nbd2 Bh7 15.Ne5 O-O
16.Nxd7 Nxd7 17.e4 g5 18.Be3 dxe4 19.Nxe4 f5 20.Nc5 Bxc5 21.dxc5 f4 22.Bd4 Rae8
23.Bh3 Bf5 24.g4 Bg6 25.f3 e5 26.Bf2 e4 27.fxe4 Ne5 28.Re2 Nf3+ 29.Kg2 Nd4
30.Rd2 Bxe4+ 31.Kf1 Nf3 32.Rd6 Nxh2+ 33.Kg1 Nf3+ 34.Kf1 Nh2+ 35.Kg1 Nf3+
36.Kf1 h5 37.gxh5 g4 38.Bg2 g3 39.Bxf3 Bxf3 40.Rg6+ Kh7 41.Bd4 Rf5 42.Re1 Rxe1+
43.Kxe1 Rxh5 44.Rf6 Rh1+ 45.Kd2 Rd1+ 46.Kc2 Rxd4 47.cxd4 g2  0-1

[Event "GRE-GEO Match w"]
[Site "Athens GRE"]
[Date "2003.09.18"]
[Round "1"]
[White "Dzagnidze,N"]
[Black "Makropoulou,M"]
[Result "1/2-1/2"]
[WhiteElo "2446"]
[BlackElo "2225"]

1.Nf3 d5 2.g3 Bg4 3.Bg2 Nd7 4.O-O c6 5.d3 e5 6.Nbd2 Ngf6 7.b3 Bd6 8.Bb2 O-O
9.e4 Re8 10.h3 Bh5 11.g4 Bg6 12.Nh4 Nxe4 13.Nxe4 Bxe4 14.dxe4 Qxh4 15.exd5 c5
16.c4 h5 17.gxh5 Nf6 18.Re1 Qxh5 19.Re2 Qf5 20.Re3 e4 21.Bxf6 Qxf6 22.Rxe4 Rxe4
23.Bxe4 Re8 24.Bg2 Re5 25.Rc1 Rg5 26.Kf1 Bf4 27.Rc2 Qg6 28.f3 Re5 29.Re2 Rxe2
30.Qxe2 Qb1+ 31.Kf2 g5 32.Bf1 Kg7 33.Kg2 b6 34.Qf2 Be5 35.Qd2 Bf4 36.Qf2 Be5
37.Qd2 Bf4 38.Qc3+ f6 39.Bd3 Qd1 40.Qc2 Qxc2+ 41.Bxc2 Kf7 42.Kf2 Ke7 43.Bg6 Kd6
44.Ke2 Ke5 45.Kd3 Bg3 46.a3  1/2-1/2

[Event "EYb16"]
[Site "Budva YUG"]
[Date "2003.09.20"]
[Round "7"]
[White "Eisenbeiser,A"]
[Black "Shelajev,O"]
[Result "1-0"]
[WhiteElo "2233"]
[BlackElo "2029"]

1.Nf3 d5 2.g3 g6 3.Bg2 Bg7 4.O-O e5 5.d3 Ne7 6.Nbd2 h6 7.e4 Be6 8.c3 Nd7
9.Re1 O-O 10.d4 dxe4 11.Nxe5 f5 12.Nxd7 Qxd7 13.f3 c5 14.dxc5 Qc6 15.fxe4 f4
16.gxf4 Rxf4 17.Nb3 Rh4 18.Qd6 Qxd6 19.cxd6 Nc6 20.Nc5 Bc4 21.Rd1 Be5 22.h3 Rd8
23.d7 Nb8 24.Nxb7 Rxd7 25.Rxd7 Nxd7 26.Be3 Be6 27.Bf2 Rh5 28.Rd1 Nf6 29.Rd3 Bxa2
30.Bxa7 Bc7 31.Bd4 Kf7 32.Rf3  1-0